[Event "Tourn. n10278"]
[Site "www.echecsemail.com"]
[Date "2020.02.28"]
[Round "1"]
[White "Ejner"]
[Black "Coolant"]
[WhiteElo "2440"]
[BlackElo "2330"]
[Result "1-0"]
[Round "1"]
1.Ng1f3 d5
2.g3 Ng8f6
3.Bf1g2 Bc8g4
4.c4 Nb8c6
5.cxd5 Qd8xd5
6.Nb1c3 Qd5d7
7.d3 e5
8.Bc1g5 O-O-O
9.O-O h6
10.Bg5xf6 gxf6
11.Ra1c1 Bg4h3
12.Qd1a4 Bh3xg2
13.Kxg2 Kb8
14.Nc3e4 f5
15.Ne4c5 Bf8xc5
16.Rc1xc5 f6
17.Rf1c1 Rh8h7
18.Qa4h4 Qd7e6
19.Qh4c4 Qe6xc4
20.Rc1xc4 Rd8d7
21.Rc4h4 Nc6e7
22.Rh4h5 e4
23.Nf3e1 b6
24.Rc5c4 exd3
25.Ne1xd3 c5
26.Rc4h4 Ne7g8
27.Rh5xf5 Kc7
28.Rh4g4 Rh7g7
29.Rg4xg7 Rd7xg7
30.Nd3f4 Kd6
31.Kf3 b5
32.Rf5d5 Kc6
33.Rd5xc5 Kxc5
34.Nf4e6 Kc4
35.Ne6xg7 a5
36.Ke3 b4
37.Ng7f5 a4
38.Kd2 Kd5
39.f3 { resign }
1-0

[Event "Match"]
[Site "www.echecsemail.com"]
[Date "2020.02.28"]
[Round "1"]
[White "Coraza"]
[Black "Jackbauer"]
[WhiteElo "1720"]
[BlackElo "1870"]
[Result "1-0"]
[Round "1"]
1.e4 c5
2.Ng1f3 d6
3.Bf1c4 e6
4.Bc4b5 Bc8d7
5.Qd1e2 a6
6.Bb5c4 Nb8c6
7.Nb1c3 Ng8f6
8.O-O Bf8e7
9.h3 h6
10.Rf1e1 e5
11.Bc4xf7 Kxf7
12.Qe2c4 Bd7e6
13.Qc4e2 Rh8e8
14.d3 Kg8
15.Nf3h4 Nf6h7
16.Nh4f3 Be7f8
17.Nf3h2 Nc6d4
18.Qe2d2 b6
19.Re1e3 Qd8f6
20.b3 Bf8e7
21.Nc3d1 Qf6g6
22.Re3g3 Qg6f6
23.c3 Nd4c6
24.Rg3f3 Qf6g6
25.Rf3g3 Qg6f6
26.Rg3f3 Qf6g6
27.Rf3g3 Be7g5
28.Qd2e2 d5
29.Bc1xg5 Nh7xg5
30.h4 Qg6h7
31.hxg5 h5
32.g6 Qh7h6
33.Qe2f3 Re8f8
34.Qf3e2 d4
35.c4 Rf8f6
36.Nh2f3 Be6g4
37.Qe2d2 Rf6f4
38.Nd1b2 Qh6xg6
39.Nf3h4 Qg6f7
40.Nb2a4 Ra8b8
41.f3 Qf7f6
42.fxg4 Qf6xh4
43.Qd2e1 Rb8f8
44.Rg3f3 Qh4xg4
45.Rf3xf4 Rf8xf4
46.Na4xb6 Rf4f8
47.Nb6a4 a5
48.Na4xc5 Nc6b4
49.a3 Nb4c2
50.Qe1c1 Nc2xa1
51.Qc1xa1 Qg4e2
52.Kh2 Qe2g4
53.Qa1e1 Rf8c8
54.Qe1xa5 Rc8f8
55.Qa5e1 Qg4f4
56.Kh1 Qf4f7
57.b4 Qf7e7
58.a4 Rf8b8
59.Nc5a6 Rb8a8
60.b5 Qe7a3
61.Qe1d1 g6
62.Na6c7 Ra8xa4
63.b6 Ra4b4
64.Nc7d5 Rb4b3
65.Qd1d2 Kg7
66.Qd2g5 Qa3f8
67.Qg5d2 Qf8f1
68.Kh2 Rb3xd3
69.Qd2b4 Qf1f8
70.Qb4b1 Rd3d2
71.b7 Qf8b8
72.Qb1b4 Rd2e2
73.Qb4e7 Kh6
74.Nd5f6 d3
75.Qe7d7 Re2f2
76.Qd7h7 Kg5
77.Qh7e7 Kf4
78.Qe7c5 Rf2e2
79.Qc5c8 Qb8xb7
80.Qc8xb7 d2
81.Nf6d5 { resign }
1-0

[Event "Tourn. n10283"]
[Site "www.echecsemail.com"]
[Date "2020.02.28"]
[Round "1"]
[White "Filidor"]
[Black "Koudelka"]
[WhiteElo "1649"]
[BlackElo "1809"]
[Result "1-0"]
[Round "1"]
1.d4 Ng8f6
2.c4 d5
3.cxd5 e6
4.dxe6 Bc8xe6
5.Nb1c3 Bf8b4
6.a3 Bb4a5
7.b4 Ba5b6
8.Ng1f3 O-O
9.Bc1g5 h6
10.Bg5h4 g5
11.Bh4g3 g4
12.d5 Nf6xd5
13.Nc3xd5 Be6xd5
14.Nf3e5 Nb8c6
15.e3 Nc6xe5
16.Bg3xe5 f5
17.Qd1c2 Qd8e7
18.Be5f4 Kh7
19.Bf1d3  { time }
1-0

[Event "Match"]
[Site "www.echecsemail.com"]
[Date "2020.02.28"]
[Round "1"]
[White "Estonia"]
[Black "Ll69"]
[WhiteElo "1930"]
[BlackElo "2290"]
[Result "0-1"]
[Round "1"]
1.d4 Ng8f6
2.c4 g6
3.Ng1f3 Bf8g7
4.Nb1c3 O-O
5.e4 d6
6.Bf1e2 e5
7.d5 Nb8d7
8.Bc1g5 h6
9.Bg5d2 Nd7c5
10.Qd1c1 Nc5xe4
11.Nc3xe4 Nf6xe4
12.O-O Ne4xd2
13.Nf3xd2 Qd8e7
14.Nd2e4 f5
15.Ne4c3 e4
16.Qc1c2 g5
17.f4 gxf4
18.Rf1xf4 Bg7d4
19.Kh1 Bd4e5
20.Ra1f1 Be5xf4
21.Rf1xf4 Qe7g5
22.Rf4f1 Rf8f7
23.Be2d1 h5
24.Qc2e2 h4
25.h3 Bc8d7
26.Qe2h5 Qg5xh5
27.Bd1xh5 Rf7g7
28.Rf1f4 Ra8f8
29.Rf4xh4 Rg7h7
30.g3 Kg7
31.g4 fxg4
32.hxg4 e3
33.Rh4h2 Rf8f1
34.Kg2 Rf1f2
35.Kg3 Rf2xh2
36.Kxh2 Bd7xg4
{ resign }
0-1

[Event "Tourn. n10292"]
[Site "www.echecsemail.com"]
[Date "2020.02.28"]
[Round "1"]
[White "Galiany17"]
[Black "Jose"]
[WhiteElo "2560"]
[BlackElo "2840"]
[Result "0-1"]
[Round "1"]
1.e4 c5
2.Ng1f3 e6
3.d4 cxd4
4.Nf3xd4 Nb8c6
5.Bf1e2 Ng8f6
6.Nb1c3 Qd8c7
7.Bc1e3 a6
8.O-O Bf8b4
9.Nd4xc6 bxc6
10.Nc3a4 Bb4e7
11.Na4b6 Ra8b8
12.Nb6xc8 Qc7xc8
13.Be3d4 c5
14.Bd4e5 Rb8b6
15.b3 O-O
16.Qd1d3 d6
17.Be5b2 d5
18.exd5 exd5
19.Ra1d1 Rf8d8
20.Qd3f3 Rb6e6
21.Be2d3 g6
22.Rf1e1 Nf6e4
23.c4 Ne4d2
24.Qf3g3 dxc4
25.bxc4 Nd2e4
26.Qg3f4 Be7f6
27.Bd3xe4 Bf6xb2
28.Be4d5 Re6f6
29.Qf4e4 Kg7
30.Rd1d3 Bb2d4
31.Re1e2 h5
32.Rd3b3 Rf6xf2
33.Re2xf2 Rd8e8
34.Kf1 Re8xe4
35.Rf2xf7 Kh6
36.Bd5xe4 Qc8g4
37.Be4f3 Qg4g5
38.Rb3d3 Qg5c1
39.Bf3d1 Qc1xc4
40.Rf7f3 Qc4xa2
41.Bd1b3 Qa2b2
42.Bb3f7 g5
{ resign }
0-1

[Event "Tourn. n10298"]
[Site "www.echecsemail.com"]
[Date "2020.02.28"]
[Round "1"]
[White "Madz123456"]
[Black "Roque1"]
[WhiteElo "1640"]
[BlackElo "1820"]
[Result "1-0"]
[Round "1"]
1.e4 c5
2.Ng1f3 e6
3.Nb1c3 a6
4.d4 cxd4
5.Nf3xd4 Ng8f6
6.e5 Nf6d5
7.Nc3xd5 exd5
8.Nd4f3 d6
9.Qd1xd5 Nb8c6
10.Bc1g5 Bf8e7
11.Bg5xe7 Qd8xe7
12.Qd5xd6 Bc8g4
13.O-O-O Bg4xf3
14.gxf3 Qe7g5
15.Qd6d2 Qg5xd2
16.Rd1xd2 Nc6xe5
17.Rd2e2 f6
18.f4 O-O
19.fxe5 fxe5
20.Bf1g2 Rf8f7
21.Bg2d5 { resign }
1-0

[Event "Tourn. n10286"]
[Site "www.echecsemail.com"]
[Date "2020.02.28"]
[Round "1"]
[White "Bigrezi"]
[Black "Pariolinius"]
[WhiteElo "2270"]
[BlackElo "1980"]
[Result "0-1"]
[Round "1"]
1.e4 e6
2.d4 d5
3.e5 c5
4.f4 Nb8c6
5.Ng1f3 Ng8h6
6.Bf1e2 Nh6f5
7.c3 Qd8b6
8.O-O cxd4
9.cxd4 Bc8d7
10.a3 Bf8e7
11.b4 Nc6xd4
12.Nf3xd4 Nf5xd4
13.Bc1e3 Nd4xe2
14.Qd1xe2 d4
15.Be3f2 a6
16.Rf1d1 Bd7b5
17.Qe2b2 O-O
18.Bf2xd4 Qb6c6
19.Nb1c3 Bb5c4
20.Ra1c1 b5
21.Qb2f2 Rf8d8
22.Nc3e2 Ra8c8
23.Rc1c3 Qc6e4
24.Rc3e3 Qe4g6
25.Ne2g3 Be7h4
26.f5 exf5
27.Qf2xf5 Bh4xg3
28.Qf5xg6 Bg3xh2
29.Kxh2 hxg6
30.Re3e1 Bc4e6
31.Bd4c5 Rd8e8
32.Rd1d6 g5
33.Rd6xa6 g6
34.Ra6b6 Be6d7
35.g3 Kg7
36.Bc5d4 Rc8c2
37.Kg1 Re8h8
38.Kf1 Rh8h1
39.Bd4g1 Bd7h3

0-1

[Event "Tourn. n10274"]
[Site "www.echecsemail.com"]
[Date "2020.02.28"]
[Round "1"]
[White "Cal"]
[Black "Passaroa25"]
[WhiteElo "1740"]
[BlackElo "1720"]
[Result "1-0"]
[Round "1"]
1.c4 Ng8f6
2.d3 Nb8c6
3.h3 e5
4.a3 Bf8e7
5.e3 O-O
6.Ng1f3 d6
7.b4 Bc8d7
8.Nb1c3 a6
9.Bc1b2 Ra8b8
10.Bf1e2 Qd8c8
11.Nf3h2 Nc6d8
12.e4 Nd8c6
13.O-O Nc6d4
14.Nc3d5 Qc8d8
15.Rf1e1 Bd7e6
16.Bb2xd4 exd4
17.Nd5xf6 Be7xf6
18.Qd1d2 Bf6e5
19.Be2g4 g6
20.f4 Be5f6
21.f5 Bf6g5
22.Qd2c2 Be6c8
23.Kh1 Bg5e3
24.Nh2f3 Bc8d7
25.a4 Qd8f6
26.fxg6 Qf6xg6
27.Bg4xd7 Qg6g3
28.Re1e2 f6
29.c5 Kg7
30.Bd7g4 Qg3f4
31.cxd6 Qf4xd6
32.Nf3h4 Qd6xb4
33.Qc2xc7 Rf8f7
34.Nh4f5 Kf8
35.Qc7xb8 
1-0

[Event "Tourn. n10280"]
[Site "www.echecsemail.com"]
[Date "2020.02.28"]
[Round "1"]
[White "Tartan"]
[Black "Numanoid"]
[WhiteElo "2440"]
[BlackElo "2780"]
[Result "0-1"]
[Round "1"]
1.d4 d5
2.Ng1f3 Ng8f6
3.e3 c5
4.c4 e6
5.Nb1c3 dxc4
6.Bf1xc4 a6
7.O-O b5
8.Bc4e2 Nb8d7
9.a4 b4
10.Nc3b1 Bc8b7
11.Nb1d2 Ra8c8
12.Be2d3 Bf8d6
13.Qd1e2 a5
14.Nd2c4 Bd6b8
15.b3 O-O
16.Bc1b2 cxd4
17.Rf1d1 dxe3
18.Qe2xe3 Qd8c7
{ resign }
0-1

[Event "Tourn. n10274"]
[Site "www.echecsemail.com"]
[Date "2020.02.29"]
[Round "1"]
[White "Cal"]
[Black "Madz123456"]
[WhiteElo "1740"]
[BlackElo "1800"]
[Result "0-1"]
[Round "1"]
1.c4 e5
2.e4 Bf8c5
3.Ng1f3 d6
4.a3 a5
5.d3 Nb8c6
6.h3 Ng8e7
7.Nb1c3 O-O
8.Nc3b5 f5
9.Bc1g5 h6
10.Bg5h4 fxe4
11.dxe4 Bc8e6
12.b3 a4
13.b4 Nc6xb4
14.Bf1e2 Nb4c6
15.O-O Qd8d7
16.Nb5c3 Ne7g6
17.Bh4g3 Be6xh3
18.Nf3h2 Bh3e6
19.Be2g4 Nc6d4
20.Bg4xe6 Qd7xe6
21.Nc3d5 Rf8f7
22.Qd1d3 h5
23.Nd5xc7 Rf7xc7
24.Rf1c1 h4
25.Bg3xe5 Ng6xe5
26.Qd3d2 Nd4b3
27.Qd2g5 Ne5d3
28.Rc1b1 Nd3xf2
29.Kf1 Qe6xc4
30.Ke1 Nf2xe4
31.Rb1b2 Ne4xg5
32.Rb2e2 Qc4c3
{ resign }
0-1

[Event "Match"]
[Site "www.echecsemail.com"]
[Date "2020.02.29"]
[Round "1"]
[White "Numanoid"]
[Black "Koudelka"]
[WhiteElo "2780"]
[BlackElo "2349"]
[Result "1-0"]
[Round "1"]
1.e4 e5
2.Ng1e2 Qd8h4
3.Nb1c3 Ng8f6
4.g3 Qh4h5
5.Bf1g2 Bf8b4
6.d3 O-O
7.a3 Bb4a5
8.h3 Nb8c6
9.Bc1e3 Qh5g6
10.Qd1d2 d6
11.g4 Ba5b6
12.O-O-O  { time }
1-0

[Event "Tourn. n10299"]
[Site "www.echecsemail.com"]
[Date "2020.02.29"]
[Round "1"]
[White "Hansen"]
[Black "Ardhitama"]
[WhiteElo "1650"]
[BlackElo "1499"]
[Result "0-1"]
[Round "1"]
1.e4 e5
2.Qd1h5 Nb8c6
3.Bf1c4 Ng8h6
4.d4 g6
5.Qh5f3 Nc6xd4
6.Qf3d3 Bf8g7
7.c3 Nd4c6
8.Qd3f3 O-O
9.Ng1h3 d6
10.Nh3g5 Bc8g4
11.Qf3g3 Nc6a5
12.Bc4d5 c6
13.Bd5b3 Na5xb3
14.axb3 f5
15.Ng5e6 f4
16.Qg3d3 Bg4xe6
17.c4 Nh6g4
18.h3 Ng4xf2
19.Kxf2 Qd8h4
20.Ke2 Be6g4
21.Kd2 d5
22.cxd5 Ra8d8
23.Ra1xa7 cxd5
24.Nb1c3 dxe4
25.Nc3d5 exd3
{ resign }
0-1

[Event "Tourn. n10283"]
[Site "www.echecsemail.com"]
[Date "2020.03.01"]
[Round "1"]
[White "Vasylpuzanov"]
[Black "Jjmcbride"]
[WhiteElo "1620"]
[BlackElo "1680"]
[Result "1-0"]
[Round "1"]
1.e4 e5
2.Ng1f3 d6
3.Bf1c4 Ng8h6
4.h3 Qd8e7
5.Nb1c3 c6
6.d3 g6
7.O-O Bc8e6
8.Bc4xe6 Qe7xe6
9.Nf3g5 Qe6e7
10.f4 f6
11.Ng5f3 Nb8d7
12.fxe5 dxe5
13.a3 Nh6f7
14.Bc1e3 b6
15.b4 Nf7d6
16.Qd1d2 O-O-O
17.Qd2f2 f5
{ time. }
1-0

[Event "Tourn. n10302"]
[Site "www.echecsemail.com"]
[Date "2020.03.01"]
[Round "1"]
[White "Agmdiazj"]
[Black "Fantomas"]
[WhiteElo "2149"]
[BlackElo "2200"]
[Result "1/2-1/2"]
[Round "1"]
1.d4 d5
2.c4 c6
3.Nb1c3 Ng8f6
4.e3 Bc8f5
5.cxd5 Nf6xd5
6.Qd1b3 Qd8d7
7.Bf1c4 e6
8.Ng1f3 Bf8d6
9.O-O O-O
{ draw }
1/2-1/2

[Event "Tourn. n10251"]
[Site "www.echecsemail.com"]
[Date "2020.03.01"]
[Round "1"]
[White "Galiany17"]
[Black "Stepanpech"]
[WhiteElo "2630"]
[BlackElo "2720"]
[Result "0-1"]
[Round "1"]
1.d4 d5
2.c4 e6
3.Nb1c3 Ng8f6
4.Ng1f3 c6
5.Bc1g5 h6
6.Bg5xf6 Qd8xf6
7.e3 Nb8d7
8.Bf1d3 dxc4
9.Bd3xc4 g6
10.O-O Bf8g7
11.e4 e5
12.d5 Nd7b6
13.Bc4b3 Bc8g4
14.h3 Bg4xf3
15.Qd1xf3 Qf6xf3
16.gxf3 Ke7
17.Rf1d1 Bg7f6
18.Kg2 Rh8d8
19.Rd1d3 Ra8c8
20.a4 a5
21.Ra1d1 Bf6g5
22.Bb3a2 Kf8
23.Kg3 h5
24.h4 Bg5e7
25.Ba2b3 Rd8d6
26.Kh3 Rc8b8
27.Bb3a2 Rd6f6
28.Kg3 Kg7
29.Ba2b3 Rf6f4
30.Rd1h1 Kf8
31.d6 Be7d8
32.Nc3d1 Nb6d7
33.Nd1e3 f5
34.exf5 Nd7c5
35.Rd3c3 Nc5xb3
36.Rc3xb3 gxf5
37.Rb3c3 Bd8b6
38.Rh1e1 Kf7
39.Ne3g2 Rf4xa4
40.Re1xe5 Kf6
41.f4 Bb6d4
42.Rc3e3 Rb8g8
43.Kh3 Bd4xe3
{ resign }
0-1

[Event "Match"]
[Site "www.echecsemail.com"]
[Date "2020.03.01"]
[Round "1"]
[White "Guidom"]
[Black "Apdash"]
[WhiteElo "2120"]
[BlackElo "2270"]
[Result "1/2-1/2"]
[Round "1"]
1.e4 c5
2.Ng1f3 d6
3.d4 cxd4
4.Nf3xd4 Nb8c6
5.c3 Ng8f6
6.Bf1d3 e5
7.Nd4e2 Bf8e7
8.O-O O-O
9.Bc1g5 Bc8g4
10.f3 Bg4h5
11.Ne2g3 Bh5g6
12.Kh1 h6
13.Bg5e3 Nf6h7
14.Nb1d2 d5
15.Nd2b3 Be7g5
16.Be3xg5 Nh7xg5
17.exd5 Qd8xd5
18.Bd3xg6 Qd5xd1
19.Bg6xf7 Rf8xf7
20.Ra1xd1 Ra8e8
21.Rf1e1 g6
22.Rd1d6 Kg7
23.h4 Ng5e6
24.Ng3e4 Ne6f4
25.Re1d1 Re8e7
26.Nb3c5 Nc6a5
27.b3 b6
28.Nc5d3 Na5b7
29.Rd6c6 Re7d7
30.Nd3f2 Rd7xd1
31.Nf2xd1 Rf7d7
32.Nd1f2 Kf7
33.g3 Nf4e2
34.Kg2 Ne2c1
35.Nf2g4 Kf8
36.Ng4xe5 Rd7d1
37.Ne5xg6 Ke8
38.Rc6c7 Nb7c5
39.Ne4f6 Kd8
40.Rc7xa7 Rd1d2
41.Kh3 Nc1xa2
42.Ng6e5 Na2xc3
43.Ne5c6 Kc8
44.Nf6g8 Rd2d7
45.Ng8e7 Rd7xe7
46.Nc6xe7 Kd8
47.Ne7c6 Ke8
48.b4 Nc5d7
49.Ra7a3 Nc3d5
50.b5 Kf7
51.Ra3d3 Ke6
52.f4 Nd7c5
53.Nc6d4 Kf6
54.Nd4f3 Nc5xd3
55.Kg4 Kg7
56.Nf3d4 Nd3f2
57.Kf3 Nf2d1
58.f5 Nd1c3
59.g4 Nd5c7
60.g5 hxg5
61.hxg5 Nc3xb5
62.Nd4b3 Nb5d6
63.Kf4 b5
64.Nb3c5 b4
65.g6 Nd6c4
66.Ke4 Nc4d6
67.Ke5 Nd6c4
68.Kd4 Nc4d6
69.Ke5 Nd6c4
{ draw }
1/2-1/2

[Event "Tourn. n10303"]
[Site "www.echecsemail.com"]
[Date "2020.03.01"]
[Round "1"]
[White "Jazzy"]
[Black "Fantomas"]
[WhiteElo "2230"]
[BlackElo "2200"]
[Result "1-0"]
[Round "1"]
1.Ng1f3 b6
2.e4 Bc8b7
3.Nb1c3 g6
4.Bf1c4 Bf8g7
5.d4 d6
6.O-O Nb8d7
7.Bc1e3 e6
8.Qd1d2 Ng8e7
9.Be3h6 O-O
10.Bh6xg7 Kxg7
11.Rf1e1 e5
12.Ra1d1 f6
13.Kh1 a6
14.Bc4e6 Rf8h8
15.Be6xd7 Qd8xd7
16.dxe5 fxe5
17.Nf3xe5 Qd7e6
18.Ne5f3 h6
19.Nf3d4 Qe6f7
20.e5 dxe5
21.Re1xe5 Ra8e8
22.Nd4e6 Kh7
23.Ne6xc7 Re8d8
24.Nc7d5 Ne7xd5
25.Nc3xd5 Rd8d7
26.Nd5f6 { resign }
1-0

[Event "Tourn. n10263"]
[Site "www.echecsemail.com"]
[Date "2020.03.01"]
[Round "1"]
[White "Passaroa25"]
[Black "Andychesston"]
[WhiteElo "1670"]
[BlackElo "1790"]
[Result "0-1"]
[Round "1"]
1.Nb1c3 e5
2.e4 c6
3.Ng1f3 d6
4.d3 Bc8g4
5.h3 Bg4h5
6.Bf1e2 Bf8e7
7.O-O Nb8d7
8.g4 Bh5g6
9.Kg2 Ng8f6
10.g5 Nf6h5
11.Rf1h1 f5
12.gxf6 Be7xf6
13.Bc1g5 Bf6xg5
14.Nf3xg5 Qd8xg5
15.Be2g4 O-O
16.Kf1 Nh5g3
17.Kg2 Ng3xh1
18.Qd1xh1 Rf8f6
19.Ra1f1 Ra8f8
20.f3 Nd7c5
21.Nc3e2 Qg5e3
22.Ne2g3 Nc5e6
23.Bg4xe6 Rf6xe6
24.Qh1g1 Qe3d2
25.Qg1f2 Qd2g5
26.Qf2xa7 h5
27.Qa7xb7 h4
28.Qb7xc6 Qg5xg3
29.Kh1 Bg6h5
30.Qc6b6 Bh5xf3
31.Rf1xf3 Qg3xf3
32.Kg1 Re6g6
33.Kh2 Qf3g2

0-1

[Event "Tourn. n10227"]
[Site "www.echecsemail.com"]
[Date "2020.03.01"]
[Round "1"]
[White "Cal"]
[Black "Passaroa25"]
[WhiteElo "1800"]
[BlackElo "1710"]
[Result "1/2-1/2"]
[Round "1"]
1.c4 Nb8c6
2.Ng1f3 Ng8f6
3.Nb1c3 e5
4.e4 d6
5.d3 Bf8e7
6.h3 Bc8d7
7.Bc1g5 O-O
8.Bf1e2 h6
9.Bg5h4 Nf6h5
10.Nc3d5 g5
11.Bh4g3 Nh5f6
12.O-O Nf6h5
13.Bg3h2 Bd7e6
14.a3 f6
15.Nd5e3 Nh5f4
16.Bh2xf4 exf4
17.Ne3c2 Be6f7
18.Nf3h2 Nc6a5
19.Nc2d4 Na5c6
20.Be2g4 Nc6xd4
21.b4 Nd4e6
22.Nh2f3 b6
23.d4 Qd8b8
24.h4 Kg7
25.d5 Ne6d8
26.hxg5 hxg5
27.Bg4f5 Rf8h8
28.Bf5d7 Nd8b7
29.Qd1d4 Kh6
30.g3 Kg6
31.gxf4 gxf4
32.Bd7f5 Kg7
33.Kg2 Bf7g6
34.Bf5xg6 Kxg6
35.Rf1g1 Rh8g8
36.Kf1 Kf7
37.Rg1h1 Rg8g7
38.Nf3h4 Qb8h8
39.Ke2 Qh8h5
40.f3 Qh5g5
41.Ra1g1 Qg5e5
42.Qd4d2 Rg7xg1
43.Rh1xg1 Ra8g8
44.Rg1xg8 Kxg8
45.Nh4f5 Be7f8
46.a4 Nb7d8
47.Kd3 Nd8f7
48.Qd2g2 Nf7g5
49.c5 Kf7
50.c6 Qe5a1
51.Nf5d4 Qa1a3
52.Kc4 Qa3xa4
53.Nd4f5 a5
54.Qg2b2 b5
55.Kd3 axb4
56.Nf5h4 Qa4d1
57.Qb2d2 Qd1xd2
58.Kxd2 Bf8h6
59.Kc2 Ng5h3
60.Nh4f5 Bh6g5
61.Kb3 Nh3f2
62.Kxb4 Nf2d1
63.Kxb5 Nd1c3
64.Kc4 Nc3e2
65.Kd3 Ne2g3
66.Nf5d4 Ke7
67.Nd4b5 Kd8
68.Nb5d4 Ke7
69.Nd4b5 Kd8
70.Nb5d4 Kc8
71.Nd4e6 Bg5h6
72.Ne6d4 Ng3h5
73.Ke2 Nh5g3
74.Kf2 Bh6g5
75.Kg2 { draw }
1/2-1/2

[Event "Tourn. n10283"]
[Site "www.echecsemail.com"]
[Date "2020.03.01"]
[Round "1"]
[White "Chessdna"]
[Black "Koudelka"]
[WhiteElo "1630"]
[BlackElo "1809"]
[Result "1-0"]
[Round "1"]
1.e4 Ng8f6
2.e5 Nf6d5
3.c4 Nd5b4
4.a3 Nb4c6
5.d4 d6
6.f4 dxe5
7.d5 exf4
8.dxc6 Qd8xd1
9.Kxd1 Nb8xc6
10.Bc1xf4 e5
11.Bf4e3 Bc8f5
12.Nb1c3 Nc6d4
13.Be3xd4 exd4
14.Nc3d5 O-O-O
15.Ng1f3  { time }
1-0

[Event "Tourn. n10293"]
[Site "www.echecsemail.com"]
[Date "2020.03.01"]
[Round "1"]
[White "Filidor"]
[Black "Cal"]
[WhiteElo "1649"]
[BlackElo "1750"]
[Result "1-0"]
[Round "1"]
1.e4 e5
2.Ng1f3 d6
3.d4 exd4
4.Nf3xd4 c5
5.Bf1b5 Bc8d7
6.Bb5xd7 Qd8xd7
7.Nd4f3 h6
8.c4 Ng8f6
9.Nb1c3 a6
10.a4 b6
11.O-O Bf8e7
12.h3 O-O
13.Bc1f4 Nb8c6
14.b3 Nf6h7
15.Nc3d5 Be7f6
16.Nd5xb6 Qd7e7
17.Bf4xd6 Qe7e6
18.Nb6xa8 Rf8xa8
19.Ra1a2 Ra8d8
20.Ra2d2 Bf6e7
21.Bd6xe7 Rd8xd2
22.Qd1xd2 Qe6xe7
23.Qd2d5 Nh7f8
24.Qd5xc6 Nf8e6
25.Qc6xa6 g5
26.Qa6a8 Ne6f8
27.a5 Kg7
28.a6 Nf8e6
29.Qa8b7 Qe7d6
30.a7 Ne6c7
31.Qb7xc7 Qd6xc7
32.a8Q f6
33.Rf1a1 Qc7f4
34.Ra1a7 Kg6
35.Qa8e8 { resign }
1-0

[Event "Tourn. n10256"]
[Site "www.echecsemail.com"]
[Date "2020.03.01"]
[Round "1"]
[White "Passaroa25"]
[Black "Fabos12"]
[WhiteElo "1670"]
[BlackElo "1480"]
[Result "0-1"]
[Round "1"]
1.Ng1f3 e6
2.Nb1c3 Nb8c6
3.a3 d5
4.d4 Bf8d6
5.e3 Ng8f6
6.Bc1d2 O-O
7.Bf1e2 Rf8e8
8.O-O e5
9.Ra1b1 e4
10.Nf3e1 a6
11.h3 h6
12.g4 Bc8e6
13.f4 Nc6e7
14.Ne1g2 b6
15.f5 Be6c8
16.Ng2f4 Bc8b7
17.Rf1f2 Nf6h7
18.Be2f1 Nh7g5
19.Nc3xd5 Ne7xd5
20.Bf1g2 Nd5xf4
21.exf4 Ng5h7
22.c3 e3
23.Rf2e2 Bb7xg2
24.Kxg2 exd2
25.Qd1xd2 Qd8d7
26.Rb1d1 Nh7f6
27.Kf2 Nf6e4
28.Re2xe4 Re8xe4
29.Kg2 Bd6xf4
30.Qd2f2 Qd7d5
31.Qf2xf4 Re4xf4
32.Kg3 Qd5f3
33.Kh4 Qf3f2
34.Kh5 Rf4xf5
{ resign }
0-1

[Event "Tourn. n10285"]
[Site "www.echecsemail.com"]
[Date "2020.03.02"]
[Round "1"]
[White "Virgil08bv"]
[Black "Rons"]
[WhiteElo "2740"]
[BlackElo "2610"]
[Result "1/2-1/2"]
[Round "1"]
1.e4 c5
2.Ng1f3 d6
3.d4 cxd4
4.Qd1xd4 Nb8c6
5.Qd4e3 g6
6.Bf1e2 Ng8f6
7.h3 Bf8g7
8.O-O Nf6d7
9.Nb1c3 b6
10.Ra1b1 Bc8b7
11.b3 O-O
12.Bc1b2 Nc6e5
13.Nf3d4 Ra8c8
14.Rf1d1 Ne5c6
15.Nd4xc6 Rc8xc6
16.Be2c4 Rc6c5
17.a4 Qd8c8
18.Bb2a3 Rc5xc4
19.bxc4 Nd7e5
20.Nc3d5 Rf8e8
21.Qe3b3 Ne5xc4
22.Ba3b4 e6
23.Nd5e3 Nc4xe3
24.Qb3xe3 Qc8xc2
25.f3 d5
26.Rd1c1 Qc2a2
27.e5 Re8c8
28.Rb1a1 Rc8xc1
29.Qe3xc1 Qa2c4
30.Qc1xc4 dxc4
31.Bb4c3 Bg7f8
32.Ra1d1 Bb7d5
33.Kf2 g5
34.Ke3 Kg7
35.Rd1b1 Bf8c5
36.Bc3d4 Bc5e7
37.a5 bxa5
38.Rb1b5 Be7b4
39.Rb5b8 h6
40.Bd4xa7 c3
41.Rb8c8 Bd5b3
42.Ba7c5 Bb4xc5
43.Rc8xc5 c2
44.Kd2 a4
45.Rc5b5 Kg6
46.g4 Kg7
47.Rb5a5 Kg6
48.Ra5a6 { draw }
1/2-1/2

[Event "Match"]
[Site "www.echecsemail.com"]
[Date "2020.03.02"]
[Round "1"]
[White "Eeze"]
[Black "Madz123456"]
[WhiteElo "1670"]
[BlackElo "1800"]
[Result "0-1"]
[Round "1"]
1.e4 c5
2.c3 e6
3.Ng1f3 d5
4.exd5 Qd8xd5
5.c4 Qd5d7
6.d3 Nb8c6
7.Bc1e3 e5
8.Nb1c3 Bf8d6
9.Nc3b5 b6
10.Nb5xd6 Qd7xd6
11.Nf3g5 Bc8b7
12.Qd1f3 Qd6d7
13.Qf3g3 f6
14.Ng5h3 Nc6b4
15.Ra1c1 Nb4xa2
16.Rc1d1 Na2b4
17.Rd1d2 Ng8h6
18.Be3xh6 gxh6
19.Bf1e2 O-O-O
20.Be2f1 Rh8e8
21.f3 e4
22.d4 e3
23.Rd2d1 Nb4c2
24.Ke2 Nc2xd4
25.Ke1 Nd4c2
26.Ke2 Qd7xd1

0-1

[Event "Match"]
[Site "www.echecsemail.com"]
[Date "2020.03.02"]
[Round "1"]
[White "Roma753"]
[Black "Logout"]
[WhiteElo "2190"]
[BlackElo "2020"]
[Result "1-0"]
[Round "1"]
1.d4 d5
2.Bc1f4 Nb8c6
3.e3 Ng8f6
4.Ng1f3 e6
5.h3 Bf8b4
6.c3 Bb4d6
7.Bf4xd6 cxd6
8.Nb1d2 Ra8b8
9.Bf1d3 a6
10.O-O b5
11.a3 O-O
12.Qd1c2 Qd8c7
13.Rf1e1 Rf8e8
14.e4 dxe4
15.Nd2xe4 Nf6xe4
16.Bd3xe4  { time }
1-0

[Event "Match"]
[Site "www.echecsemail.com"]
[Date "2020.03.02"]
[Round "1"]
[White "Micheles"]
[Black "Ztornad"]
[WhiteElo "2610"]
[BlackElo "1960"]
[Result "1-0"]
[Round "1"]
1.d4 d5
2.Ng1f3 Bc8f5
3.c3 Ng8f6
4.Bc1g5 Nf6e4
5.Bg5h4 f6
6.Qd1b3 Bf5c8
7.Nb1d2 g5
8.Bh4g3 Ne4xg3
9.hxg3 c6
10.Qb3c2 f5
11.Nf3xg5 e6
12.Nd2f3 Bf8e7
13.Qc2d2 b6
14.Qd2e3 Be7xg5
15.Nf3xg5 Qd8f6
16.Rh1xh7 Rh8xh7
17.Ng5xh7 Qf6g7
18.Nh7g5 Qg7f6
19.O-O-O Nb8d7
20.Ng5xe6 Kf7
21.Ne6c7 Bc8b7
22.Nc7xa8 Bb7xa8
23.Qe3f4 Qf6d8
24.Qf4xf5 Nd7f6
25.e4 dxe4
26.Bf1c4 Kf8
27.Rd1h1 Kg7
28.Qf5g5 Kf8
29.Rh1h8 Ke7
30.Qg5g7 Kd6
31.Rh8xd8 Nf6d7
32.Rd8xd7 
1-0

[Event "Tourn. n10290"]
[Site "www.echecsemail.com"]
[Date "2020.03.02"]
[Round "1"]
[White "Koudelka"]
[Black "Krystek23"]
[WhiteElo "2529"]
[BlackElo "2410"]
[Result "0-1"]
[Round "1"]
1.e4 c5
2.Ng1f3 e6
3.Bf1b5 Qd8c7
4.d3 Nb8c6
5.O-O Ng8f6
6.Rf1e1 d6
7.e5 Nf6d7
8.Bc1f4 dxe5
9.Nf3xe5 Nd7xe5
10.Bf4xe5 Bf8d6
11.Bb5xc6 Qc7xc6
12.Qd1g4 Bd6xe5
 { time }
0-1

[Event "Match"]
[Site "www.echecsemail.com"]
[Date "2020.03.02"]
[Round "1"]
[White "Goofy"]
[Black "Joseph1983"]
[WhiteElo "2380"]
[BlackElo "2200"]
[Result "1-0"]
[Round "1"]
1.e4 e6
2.d4 d5
3.Nb1c3 dxe4
4.Nc3xe4 Nb8d7
5.Ng1f3 Ng8f6
6.Bf1d3 Bf8e7
7.Ne4xf6 Nd7xf6
8.Qd1e2 O-O
9.Bc1g5 c5
10.dxc5 Qd8a5
11.c3 Qa5xc5
12.O-O-O Qc5c7
13.h4 Nf6d5
14.Kb1 Nd5f4
15.Qe2e4 Nf4xd3
16.Rd1xd3 a5
17.Bg5xe7 Qc7xe7
18.Nf3g5 g6
19.f4 Rf8d8
20.h5 Rd8xd3
21.hxg6 hxg6
22.Qe4xd3 e5
23.Ng5xf7 { resign }
1-0

[Event "Match"]
[Site "www.echecsemail.com"]
[Date "2020.03.03"]
[Round "1"]
[White "Coraza"]
[Black "Bjonil60"]
[WhiteElo "1760"]
[BlackElo "1440"]
[Result "1-0"]
[Round "1"]
1.Ng1f3 Nb8c6
2.Nb1c3 e6
3.d4 d5
4.Bc1f4 Ng8f6
5.Nc3b5 a6
6.Nb5xc7 Ke7
7.Nc7xa8 h6
8.Na8c7 Qd8d7
9.e3 Nf6e4
10.Bf1d3 Nc6b4
11.Bd3xe4 dxe4
12.Nf3d2 f6
13.c3 Nb4c6
14.Nc7a8 e5
15.Na8b6 Qd7c7
16.Nb6d5 Kd7
17.Nd5xc7 Kxc7
18.dxe5 fxe5
19.Bf4g3 b6
20.Nd2c4 b5
21.Nc4xe5 Nc6xe5
22.Bg3xe5 Kc6
23.Qd1d8 Kb7
24.Qd8c7 Ka8
25.Qc7b8 
1-0

[Event "Tourn. n10303"]
[Site "www.echecsemail.com"]
[Date "2020.03.03"]
[Round "1"]
[White "Fantomas"]
[Black "Tartan"]
[WhiteElo "2220"]
[BlackElo "2460"]
[Result "0-1"]
[Round "1"]
1.e4 c5
2.Ng1f3 Nb8c6
3.d4 cxd4
4.Nf3xd4 e6
5.c3 Qd8c7
6.Bc1e3 Ng8f6
7.f3 a6
8.Bf1e2 d5
9.exd5 Nf6xd5
10.Be3f2 Bc8d7
11.Nd4c2 Nd5f4
12.O-O Bf8d6
13.h3 O-O
14.Nb1d2 Nc6e5
15.Rf1e1 Ne5d3
16.Be2xd3 Nf4xd3
{ resign }
0-1

[Event "Tourn. n10307"]
[Site "www.echecsemail.com"]
[Date "2020.03.03"]
[Round "1"]
[White "Libiesse"]
[Black "Malbertan"]
[WhiteElo "2020"]
[BlackElo "2080"]
[Result "0-1"]
[Round "1"]
1.Ng1f3 d5
2.d4 e6
3.g3 c5
4.Bf1g2 Nb8c6
5.O-O Ng8f6
6.Rf1e1 Bf8d6
7.dxc5 Bd6xc5
8.Bc1g5 Qd8b6
{ resign }
0-1

[Event "Tourn. n10300"]
[Site "www.echecsemail.com"]
[Date "2020.03.03"]
[Round "1"]
[White "Malbertan"]
[Black "Ditto"]
[WhiteElo "2050"]
[BlackElo "1990"]
[Result "1/2-1/2"]
[Round "1"]
1.e4 e5
2.Ng1f3 Nb8c6
3.Bf1c4 Ng8f6
4.Nf3g5 d5
5.exd5 Nc6d4
6.c3 Nd4f5
7.Bc4b5 Bc8d7
8.Qd1e2 Bf8d6
9.O-O O-O
10.Bb5xd7 Nf6xd7
{ draw }
1/2-1/2

[Event "Match"]
[Site "www.echecsemail.com"]
[Date "2020.03.03"]
[Round "1"]
[White "Whitekknight"]
[Black "Ll69"]
[WhiteElo "1860"]
[BlackElo "2290"]
[Result "0-1"]
[Round "1"]
1.e4 c5
2.Ng1f3 d6
3.d4 cxd4
4.Nf3xd4 Ng8f6
5.Nb1c3 a6
6.Bf1c4 e6
7.O-O Bf8e7
8.Bc1g5 O-O
9.Bc4d3 b5
10.Qd1f3 Bc8b7
11.Rf1e1 b4
12.Nc3d1 Nb8d7
13.c3 h6
14.Bg5e3 Nd7e5
15.Bd3c2 Ne5xf3
16.Nd4xf3 Bb7xe4
17.Bc2xe4 Nf6xe4
18.cxb4 d5
19.a3 a5
20.Be3d2 Ne4xd2
21.Nf3xd2 axb4
22.Nd1e3 bxa3
23.bxa3 Ra8xa3
24.h3 Ra3xa1
25.Re1xa1 d4
26.Ne3c4 Be7f6
27.Ra1e1 Qd8d5
28.f3 Qd5c5
29.Kh1 Bf6g5
30.Re1d1 Bg5xd2
31.Nc4xd2 Qc5c3
32.Nd2e4 Qc3b2
33.Rd1d2 Qb2b1
34.Kh2 e5
{ resign }
0-1